000 00571nam a22001697a 4500
003 OSt
005 20171010095507.0
008 120810t xxu||||| |||| 00| 0 eng d
040 _aMMSU
_cULS
100 _aSantos, Elma B.
_911947
245 _aDistribution patterns of gastropod population at the littoral zone of Paoay Lake, Ilocos Norte
_cElma B. Santos
260 _c1987
300 _axx, 142 leaves
_c28 cm.
500 _aThesis (MS Biology) -- University of the Philippines, Diliman, Quezon City
504 _aBibliography: leaves 76-80
942 _2ddc
_cTHEDIS
999 _c9691
_d9691